Clue : the classic mystery game. (WT. 633.2 g)
Who committed the murder in the mansion? Eliminate the suspects and discover whodunit, with what, and where!
Record details
- Physical Description: 1 game (gameboard, 6 tokens, 6 miniature weapons, 30 cards (6 character cards, 6 weapon cards, 9 room cards, and 9 clue cards), 1 case file envelope, 1 pad of detective notebook sheets, 2 dice, game guide) : color, plastic, paper, cardboard, metal ; in container, 27 x 27 x 6 cm
- Publisher: Pawtucket, RI : Hasbro, 2015.
Content descriptions
| General Note: | 2-6 players. WT. 604.0 g |
| Formatted Contents Note: | 1 playing board -- 6 tokens -- 6 miniature weapons (candlestick, wrench, lead pipe, dagger, revovler, & rope) -- 30 cards (6 suspect cards, 6 weapon cards, 9 room cards, and 9 clue cards) -- 1 case file envelope -- 1 pad of detective notebook sheets -- 2 dice -- 1 instruction booklet. |
| Target Audience Note: | Ages 8+. |
| Source of Description Note: | Title from container. |
Search for related items by subject
| Subject: | Mystery games. Murder > Investigation > Games. |
| Genre: | Games. Board games. Puzzles and games. Realia |
Available copies
- 1 of 1 copy available at scottsboropl.
Holds
- 0 current holds with 1 total copy.
Show Only Available Copies
| Location | Call Number / Copy Notes | Barcode | Shelving Location | Status | Due Date |
|---|---|---|---|---|---|
| scottsboropl | J REA Clu | 32269001209488 | Juvenile - Games | Available | - |
| LDR | 02794crm a2200661 i 4500 | ||
|---|---|---|---|
| 001 | 160483 | ||
| 003 | SBPL | ||
| 005 | 20230406103102.0 | ||
| 008 | 170603t20152015riunnn gneng d | ||
| 007 | zz | ||
| 019 | . | ‡a1236903356 | |
| 024 | 1 | . | ‡a630509477722 |
| 028 | 0 | 1. | ‡aA5826 ‡bHasbro Games |
| 035 | . | ‡a(OCoLC)988862282 ‡z(OCoLC)1236903356 | |
| 050 | 4. | ‡aGV1469 ‡b.C58 2015 | |
| 082 | 0 | 4. | ‡a794 ‡223/eng/20230404 |
| 096 | . | ‡aGB-45 C584 | |
| 245 | 0 | 0. | ‡aClue : ‡bthe classic mystery game. (WT. 633.2 g) |
| 246 | 3 | 0. | ‡aDoctor Orchid Clue |
| 264 | 1. | ‡aPawtucket, RI : ‡bHasbro, ‡c2015. | |
| 300 | . | ‡a1 game (gameboard, 6 tokens, 6 miniature weapons, 30 cards (6 character cards, 6 weapon cards, 9 room cards, and 9 clue cards), 1 case file envelope, 1 pad of detective notebook sheets, 2 dice, game guide) : ‡bcolor, plastic, paper, cardboard, metal ; ‡cin container, 27 x 27 x 6 cm | |
| 334 | . | ‡amultiple unit ‡2rdami | |
| 336 | . | ‡athree-dimensional form ‡btdf ‡2rdacontent | |
| 337 | . | ‡aunmediated ‡bn ‡2rdamedia | |
| 337 | . | ‡aother ‡bx ‡2rdamedia | |
| 338 | . | ‡aobject ‡bnr ‡2rdacarrier | |
| 338 | . | ‡aother ‡bnz ‡2rdacarrier | |
| 340 | . | ‡3gameboard ‡acardboard ‡2rdamat | |
| 340 | . | ‡3tokens ‡aplastic ‡2rdamat | |
| 340 | . | ‡3miniature weapons ‡ametal ‡2rdamat | |
| 340 | . | ‡3miniature weapons ‡aplastic ‡2rdamat | |
| 340 | . | ‡3cards ‡apaper ‡2rdamat | |
| 340 | . | ‡3pad of detective notebook sheets ‡apaper ‡2rdamat | |
| 340 | . | ‡3dice ‡aplastic ‡2rdamat | |
| 340 | . | ‡3case file envelope ‡apaper ‡2rdamat | |
| 340 | . | ‡3game guide ‡apaper ‡2rdamat | |
| 340 | . | ‡3pad of detective notebook sheets ‡ecardboard ‡2rdamat | |
| 340 | . | ‡3game guide ‡eplastic ‡2rdamat | |
| 340 | . | ‡gpolychrome ‡2rdacc | |
| 380 | . | ‡aPuzzles and games ‡2lcgft | |
| 500 | . | ‡a2-6 players. | |
| 500 | . | ‡aWT. 604.0 g | |
| 505 | 0 | 0. | ‡t1 playing board -- ‡t6 tokens -- ‡t6 miniature weapons ‡g(candlestick, wrench, lead pipe, dagger, revovler, & rope) -- ‡t30 cards ‡g(6 suspect cards, 6 weapon cards, 9 room cards, and 9 clue cards) -- ‡t1 case file envelope -- ‡t1 pad of detective notebook sheets -- ‡t2 dice -- ‡t1 instruction booklet. |
| 588 | 0 | . | ‡aTitle from container. |
| 521 | 8 | . | ‡aAges 8+. |
| 520 | . | ‡aWho committed the murder in the mansion? Eliminate the suspects and discover whodunit, with what, and where! | |
| 650 | 0. | ‡aMystery games. | |
| 650 | 0. | ‡aMurder ‡xInvestigation ‡xGames. | |
| 655 | 7. | ‡aGames. | |
| 655 | 7. | ‡aBoard games. ‡2lcgft | |
| 655 | 7. | ‡aPuzzles and games. ‡2lcgft | |
| 655 | 0 | . | ‡aRealia |
| 710 | 2 | . | ‡aHasbro, Inc., ‡epublisher. |
| 901 | . | ‡a160483 ‡bAUTOGEN ‡c160483 ‡tbiblio | |